Industry Expertise, Information Leakage and the Choice of M&A Advisors (pages 191–225) (Record no. 313377)
[ view plain ]
| 000 -LEADER | |
|---|---|
| fixed length control field | 00458nam a2200133Ia 4500 |
| 008 - FIXED-LENGTH DATA ELEMENTS--GENERAL INFORMATION | |
| fixed length control field | 170221s9999 xx 000 0 und d |
| 100 ## - MAIN ENTRY--PERSONAL NAME | |
| Personal name | Xin Chang |
| 245 ## - TITLE STATEMENT | |
| Title | Industry Expertise, Information Leakage and the Choice of M&A Advisors (pages 191–225) |
| 245 ## - TITLE STATEMENT | |
| Statement of responsibility, etc | Xin Chang, Chander Shekhar, Lewis H. K. Tam and Jiaquan Yao |
| 260 ## - PUBLICATION, DISTRIBUTION, ETC. (IMPRINT) | |
| Date of publication, distribution, etc | 2012 |
| 300 ## - PHYSICAL DESCRIPTION | |
| Extent | 6 : |
| 650 ## - SUBJECT ADDED ENTRY--TOPICAL TERM | |
| General subdivision | Business |
| 856 ## - ELECTRONIC LOCATION AND ACCESS | |
| Uniform Resource Identifier | <a href="http://onlinelibrary.wiley.com/doi/10.1111/jbfa.12165/epdf">http://onlinelibrary.wiley.com/doi/10.1111/jbfa.12165/epdf</a> |
| Withdrawn status | Lost status | Damaged status | Home library | Current library | Date acquired | Total Checkouts | Date last seen | Price effective from | Koha item type |
|---|---|---|---|---|---|---|---|---|---|
| College Library | College Library | 02/21/2017 | 02/21/2017 | 02/21/2017 | Foreign e-journal articles |